Guerra contra los pueblos (Entrevista a Noam Chomsky) /
Uloženo v:
| Hlavní autor: | |
|---|---|
| Korporativní autor: | |
| Další autoři: | |
| Médium: | Text |
| Vydáno: |
Buenos Aires:
CLACSO. UENF
|
| Tagy: |
Přidat tag
Žádné tagy, Buďte první, kdo vytvoří štítek k tomuto záznamu!
|
MARC
| LEADER | 00000 a a2200000 04500 | ||
|---|---|---|---|
| 001 | 30269 | ||
| 003 | |||
| 040 | |||
| 090 | |b RECURSO ELECTROMAGNETICO | ||
| 100 | |a Chomsky, Noam | ||
| 110 | |a CLACSO | ||
| 245 | |a Guerra contra los pueblos (Entrevista a Noam Chomsky) / |c Noam Chomsky | ||
| 260 | |a Buenos Aires: |b CLACSO. UENF | ||
| 500 | |a Subtitulado en español | ||
| 700 | |a Boron, Atilio A. | ||
| 999 | |c 14059 |d 14059 | ||
